Click to Translate - Slovenian - Statistics

General Stats
  • This quiz has been taken 1,753 times
  • The average score is 15 of 20
Answer Stats
Hint Answer % Correct
Milk Mleko
91%
Water Voda
91%
Saturday Sobota
86%
Sun Sonce
85%
Please Prosim
84%
Nine Devet
81%
Dog Pes
77%
Heart Srce
77%
Me Jaz
76%
Bedroom Spalnica
75%
Lake Jezero
74%
Young Mlada
74%
Never Nikoli
73%
Doctor Zdravnik
71%
West Zahod
69%
After Po
68%
Clock Ura
65%
Blue Modra
63%
Breakfast Zajtrk
60%
More Več
58%
No matching quizzes found
Score Distribution
Percent of People with Each Score
Percentile by Number Answered
Your Score History
You have not taken this quiz